[Event "SRB-chT 1st League CS"]
[Site "Bajina Basta"]
[Date "2021.10.01"]
[Round "9.6"]
[White "Djakovac, Enes"]
[Black "Vuksanovic, Zvezdan"]
[Result "1/2-1/2"]
[WhiteElo "2161"]
[BlackElo "2202"]
[PlyCount "83"]
[EventDate "2021.09.26"]
[EventType "team-tourn"]
[EventRounds "11"]
[EventCountry "SRB"]
[SourceTitle "EXT 2023"]
[Source "ChessBase"]
[SourceDate "2022.10.05"]
[SourceVersion "1"]
[SourceVersionDate "2022.10.05"]
[SourceQuality "1"]
[WhiteTeam "Kraljevo Sloga"]
[BlackTeam "Kosovska Mitrovica"]
[WhiteTeamCountry "SRB"]
[BlackTeamCountry "SRB"]

1. e4 e5 2. Nf3 Nc6 3. Bc4 Be7 4. 0-0 Nf6 5. d3 0-0 6. Re1 d6 7. c3 a6 8. Bb3 Bg4 9. h3 Bh5 10. Nbd2 Nd7 11. Nf1 Nc5 12. Bd5 Bf6 13. a4 h6 14. Ng3 Bg6 15. Be3 Ne7 16. Bc4 Nxa4 17. Qxa4 b5 18. Qa2 bxc4 19. Qxc4 d5 20. exd5 Qxd5 21. Bc5 Rfe8 22. Ne4 Qxc4 23. dxc4 Nc6 24. Nxf6+ gxf6 25. Red1 Bf5 26. Nh2 h5 27. Nf1 Kg7 28. Ne3 Be6 29. Nd5 Rec8 30. f3 Nb8 31. Be7 Nd7 32. c5 Bxd5 33. Rxd5 Nb8 34. c6 Nxc6 35. Ba3 Nd8 36. f4 exf4 37. Rxh5 Ne6 38. Rd5 Rd8 39. Rad1 c6 40. Rd6 Kg6 41. Kf2 Kf5 42. Ke2 1/2-1/2

[Event "SRB-chT 1st League CS"]
[Site "Bajina Basta"]
[Date "2021.10.01"]
[Round "8.6"]
[White "Djordjevic, Dejan N"]
[Black "Djakovac, Enes"]
[Result "1-0"]
[WhiteElo "2144"]
[BlackElo "2161"]
[PlyCount "118"]
[EventDate "2021.09.26"]
[EventType "team-tourn"]
[EventRounds "11"]
[EventCountry "SRB"]
[SourceTitle "EXT 2023"]
[Source "ChessBase"]
[SourceDate "2022.10.05"]
[SourceVersion "1"]
[SourceVersionDate "2022.10.05"]
[SourceQuality "1"]
[WhiteTeam "Nis Nais"]
[BlackTeam "Kraljevo Sloga"]
[WhiteTeamCountry "SRB"]
[BlackTeamCountry "SRB"]

1. e4 e5 2. Nf3 Nc6 3. Bc4 Bc5 4. c3 Nf6 5. d3 d6 6. 0-0 0-0 7. Re1 h6 8. Nbd2 a6 9. Bb3 Qe7 10. Nf1 Ba7 11. Ng3 Bg4 12. h3 Be6 13. Nh4 Qd7 14. Qf3 Kh7 15. Nhf5 Rg8 16. Bc2 Ne7 17. Nxe7 Qxe7 18. d4 Rae8 19. Be3 Qd8 20. Rad1 Qc8 21. d5 Bxe3 22. dxe6 Bxf2+ 23. Qxf2 fxe6 24. c4 Nd7 25. b4 b6 26. Ba4 Ref8 27. Qe3 Rf7 28. Rd2 Nf8 29. c5 dxc5 30. bxc5 b5 31. Bd1 Nd7 32. Bb3 Nf8 33. c6 Ng6 34. Qc5 Rgf8 35. Red1 Qe8 36. Rd7 Rf2 37. Rd8 Qe7 38. Qxe7 Nxe7 39. Bxe6 Nxc6 40. Bf5+ R2xf5 41. Nxf5 Rxd8 42. Rc1 Nd4 43. Rxc7 Nxf5 44. exf5 Rd1+ 45. Kh2 Rd6 46. g4 Kg8 47. Kg3 Rd3+ 48. Kh4 Kf8 49. Ra7 Ra3 50. Kh5 e4 51. Kg6 e3 52. Ra8+ Ke7 53. Kxg7 e2 54. f6+ Kd7 55. Ra7+ Kc6 56. Re7 Rxa2 57. f7 e1Q 58. Rxe1 Rf2 59. Re6+ Kd5 1-0

[Event "SRB-chT 1st League"]
[Site "Bajina Basta"]
[Date "2020.10.13"]
[Round "5.4"]
[White "Veselinov, Ivica"]
[Black "Djakovac, Enes"]
[Result "1/2-1/2"]
[WhiteElo "1836"]
[BlackElo "2165"]
[PlyCount "60"]
[EventDate "2020.10.10"]
[EventType "team-tourn"]
[EventRounds "11"]
[EventCountry "SRB"]
[SourceTitle "CBM 198 Extra"]
[Source "ChessBase"]
[SourceDate "2020.11.30"]
[SourceVersion "1"]
[SourceVersionDate "2020.11.30"]
[SourceQuality "1"]
[WhiteTeam "Surdulica Radnik"]
[BlackTeam "Kraljevo Sloga"]
[WhiteTeamCountry "SRB"]
[BlackTeamCountry "SRB"]

1. e4 e5 2. Nf3 Nc6 3. Bc4 Be7 4. 0-0 d6 5. h3 Nf6 6. Re1 Be6 7. Bb5 0-0 8. c3 a6 9. Ba4 b5 10. Bc2 Qc8 11. a3 Ne8 12. d4 Bd7 13. Bb3 Bf6 14. Be3 Na5 15. Bc2 Nc4 16. Bc1 c5 17. d5 a5 18. Nbd2 Nxd2 19. Bxd2 Nc7 20. Nh2 g6 21. Bh6 Bg7 22. Qd2 f6 23. Bxg7 Kxg7 24. Re3 Rf7 25. Rg3 Qh8 26. Rf1 h5 27. f4 Qh6 28. Rgf3 Re8 29. Qf2 exf4 30. Rxf4 Qg5 1/2-1/2

[Event "SRB-chT 1st League"]
[Site "Vrnjacka Banja"]
[Date "2006.09.09"]
[Round "1.2"]
[White "Djakovac, Enes"]
[Black "Colovic, Dusan"]
[Result "1-0"]
[WhiteElo "2219"]
[BlackElo "2357"]
[PlyCount "58"]
[EventDate "2006.09.09"]
[EventType "team"]
[EventRounds "11"]
[EventCountry "SRB"]
[SourceTitle "EXT 2012"]
[Source "ChessBase"]
[SourceDate "2011.11.24"]
[SourceVersion "1"]
[SourceVersionDate "2011.11.24"]
[SourceQuality "1"]
[WhiteTeam "Novi Pazar INA Dizajn"]
[BlackTeam "Gornji Milanovac Metalac"]
[WhiteTeamCountry "SRB"]
[BlackTeamCountry "SRB"]

1. e4 c5 2. Nf3 Nc6 3. d4 cxd4 4. Nxd4 e5 5. Nb5 d6 6. N1c3 a6 7. Na3 b5 8. Nd5 Nce7 9. Bg5 f6 10. Be3 Rb8 11. Nb4 Bb7 12. Qd2 d5 13. exd5 Nxd5 14. Nxd5 Qxd5 15. Qa5 Rd8 16. Bd3 b4 17. Nb5 Qc6 18. 0-0-0 Be7 19. Nc7+ Kf7 20. b3 Qc3 21. Kb1 Nh6 22. f3 Rhf8 23. Bd2 Qc5 24. Qxc5 Bxc5 25. Bc4+ Ke7 26. Ne6 Rc8 27. Nxc5 Rxc5 28. Bxb4 Rfc8 29. Bd5 a5 1-0

[Event "SRB-chT 1st League"]
[Site "Serbia"]
[Date "2005.09.25"]
[Round "1.3"]
[White "Djakovac, Enes"]
[Black "Djokic, Nebojsa"]
[Result "1/2-1/2"]
[WhiteElo "2211"]
[BlackElo "2236"]
[PlyCount "61"]
[EventDate "2005.09.25"]
[EventType "team"]
[EventRounds "11"]
[EventCountry "SRB"]
[SourceTitle "EXT 2012"]
[Source "ChessBase"]
[SourceDate "2011.11.24"]
[SourceVersion "1"]
[SourceVersionDate "2011.11.24"]
[SourceQuality "1"]
[WhiteTeam "Novi Pazar INA Dizajn"]
[BlackTeam "Sloga"]
[WhiteTeamCountry "SRB"]
[BlackTeamCountry "SRB"]

1. e4 c5 2. Nf3 Nc6 3. Nc3 Nf6 4. Bc4 e6 5. 0-0 Nxe4 6. Nxe4 d5 7. Qe2 dxc4 8. Qxc4 Qd5 9. Qe2 Be7 10. Rd1 Nd4 11. Nxd4 cxd4 12. d3 0-0 13. c4 Qc6 14. Re1 b6 15. Rb1 a5 16. b3 Bb7 17. f3 e5 18. Bd2 Rfe8 19. b4 f5 20. Ng3 Bh4 21. Nxf5 Bxe1 22. Bxe1 Bc8 23. b5 Qg6 24. Ng3 Bf5 25. Rd1 Rac8 26. Qd2 h6 27. Nxf5 Qxf5 28. Bg3 g5 29. Re1 Re6 30. Re4 Kh7 31. h3 1/2-1/2

[Event "SCG-chT1 Central"]
[Site "Vrnjacka Banja"]
[Date "2004.09.25"]
[Round "1.4"]
[White "Djakovac, Enes"]
[Black "Organdziev, Oliver"]
[Result "1/2-1/2"]
[WhiteElo "2171"]
[BlackElo "2334"]
[PlyCount "60"]
[EventDate "2004.09.25"]
[EventType "team"]
[EventRounds "11"]
[EventCountry "YUG"]
[SourceTitle "CBM 102 Extra"]
[Source "ChessBase"]
[SourceDate "2004.11.03"]
[SourceVersion "1"]
[SourceVersionDate "2004.11.03"]
[SourceQuality "1"]
[WhiteTeam "08"]
[BlackTeam "05"]
[WhiteTeamCountry "YUG"]
[BlackTeamCountry "YUG"]

1. e4 e5 2. Nf3 Nc6 3. Bb5 Nf6 4. 0-0 Nxe4 5. Re1 Nd6 6. Nxe5 Nxe5 7. Rxe5+ Be7 8. Bf1 0-0 9. d4 Bf6 10. Re1 Nf5 11. c3 d5 12. Bf4 c6 13. Nd2 Nh4 14. Bd3 Bf5 15. Bxf5 Nxf5 16. Qg4 Qc8 17. h3 g6 18. Re2 Re8 19. Rae1 Qd7 20. Nf1 Rxe2 21. Rxe2 Re8 22. Ng3 Rxe2 23. Qxe2 Ng7 24. Kf1 h5 25. Qd3 b6 26. Ne2 c5 27. Kg1 Ne6 28. Be3 Kg7 29. Qd2 Qd6 30. Bh6+ Kh7 1/2-1/2

[Event "Serbia-chT central"]
[Site "Golubac"]
[Date "2003.??.??"]
[Round "?"]
[White "Djakovac, Enes"]
[Black "Sekulic, Dusan"]
[Result "0-1"]
[WhiteElo "2166"]
[BlackElo "2330"]
[PlyCount "41"]
[EventDate "2003.09.27"]
[EventType "team"]
[EventRounds "11"]
[EventCountry "YUG"]
[SourceTitle "CBM 096 Extra"]
[Source "ChessBase"]
[SourceDate "2003.10.22"]
[SourceVersion "2"]
[SourceVersionDate "2003.10.20"]
[SourceQuality "1"]

1. e4 e5 2. Nf3 Nc6 3. Bb5 f5 4. Bxc6 dxc6 5. 0-0 fxe4 6. Nxe5 Qd4 7. Ng4 h5 8. Ne3 Nf6 9. d3 Bg4 10. Qe1 0-0-0 11. dxe4 Bc5 12. Nd2 Bd6 13. f3 Be6 14. Rf2 Rde8 15. Ndf1 h4 16. c3 Qe5 17. b4 Nh5 18. Rc2 Bxb4 19. cxb4 Qxa1 20. Rb2 Nf4 21. Nc2 0-1

[Event "Serbia-chT central"]
[Site "Golubac"]
[Date "2003.??.??"]
[Round "?"]
[White "Djakovac, Enes"]
[Black "Simic, Dragisa"]
[Result "1-0"]
[WhiteElo "2166"]
[BlackElo "2331"]
[PlyCount "57"]
[EventDate "2003.09.27"]
[EventType "team"]
[EventRounds "11"]
[EventCountry "YUG"]
[SourceTitle "CBM 096 Extra"]
[Source "ChessBase"]
[SourceDate "2003.10.22"]
[SourceVersion "2"]
[SourceVersionDate "2003.10.20"]
[SourceQuality "1"]

1. e4 c5 2. Nc3 Nc6 3. Bc4 e6 4. d3 a6 5. a4 Nf6 6. Bg5 Be7 7. Nf3 d6 8. 0-0 0-0 9. Re1 Qc7 10. Qd2 Bd7 11. h3 Rfd8 12. Qe3 Nb4 13. Qd2 Bc6 14. Bb3 b5 15. Qe2 h6 16. Bh4 Rac8 17. axb5 axb5 18. e5 dxe5 19. Nxe5 Bf8 20. Ng6 Bd6 21. Bxf6 gxf6 22. Nh4 Bf8 23. Qg4+ Bg7 24. Rxe6 fxe6 25. Bxe6+ Kh8 26. Nxb5 Bxb5 27. Ng6+ Kh7 28. Qf5 Bh8 29. Ne7+ 1-0

[Event "Serbia-chT central"]
[Site "Golubac"]
[Date "2003.??.??"]
[Round "?"]
[White "Milovanovic, Srboljub"]
[Black "Djakovac, Enes"]
[Result "1/2-1/2"]
[WhiteElo "2224"]
[BlackElo "2166"]
[PlyCount "33"]
[EventDate "2003.09.27"]
[EventType "team"]
[EventRounds "11"]
[EventCountry "YUG"]
[SourceTitle "CBM 096 Extra"]
[Source "ChessBase"]
[SourceDate "2003.10.22"]
[SourceVersion "2"]
[SourceVersionDate "2003.10.20"]
[SourceQuality "1"]

1. d4 d5 2. c4 c6 3. Nc3 Nf6 4. e3 e6 5. Nf3 Bd6 6. Bd3 0-0 7. e4 dxe4 8. Nxe4 Nxe4 9. Bxe4 Bb4+ 10. Bd2 Qa5 11. 0-0 Bxd2 12. Nxd2 Nd7 13. Nf3 Qh5 14. Ne5 Qh4 15. Nxd7 Bxd7 16. Qe2 Rad8 17. Rfd1 1/2-1/2